书目信息 |
| 题名: |
高校党课教程
|
|
| 作者: | 本书编写组 | |
| 分册: | ||
| 出版信息: | 石家庄 河北人民出版社 1998.04 |
|
| 页数: | 246 | |
| 开本: | 24 | |
| 丛书名: | ||
| 单 册: | ||
| 中图分类: | G422 | |
| 科图分类: | ||
| 主题词: | 教学理论 | |
| 电子资源: | ||
| ISBN: | 7-202-02326-1 | |
| 000 | 00503nam0 2200169 450 | |
| 001 | 2438046885 | |
| 005 | 20241014160047.80 | |
| 010 | @a7-202-02326-1@d10 | |
| 100 | @a20241011d km y0chiy0120 ea | |
| 101 | 0 | @achi |
| 200 | 1 | @a高校党课教程@AGao Xiao Dang Ke Jiao Cheng@f本书编写组@FBen Shu Bian Xie Zu |
| 210 | @a石家庄@c河北人民出版社@d1998.04 | |
| 215 | @a246@d24 | |
| 606 | 0 | @a教学理论 |
| 690 | @aG422@v4 | |
| 801 | 0 | @aCN@b大连网信软件有限公司图书馆·11@c20241014 |
| 905 | @aZUCC@b1423067@dG422@e576@f1 | |
| 高校党课教程/本书编写组.-石家庄:河北人民出版社,1998.04 |
| 246;24 |
| ISBN 7-202-02326-1:10 |
| ● |
| 相关链接 |
|
|
|
|
正题名:高校党课教程
索取号:G422/576
 
预约/预借
| 序号 | 登录号 | 条形码 | 馆藏地/架位号 | 状态 | 备注 |
| 1 | 1423067 | 214230679 | 密集书库-海洋学院/ [索取号:G422/576] | 在馆 |